00663aab a2200181 i 4500001001000000003001000010005001700020008004100037040001900078041000800097245003600105300008200141520009200223653002000315773012100335942000800456999001700464768714001CO-MdFUSB20240422114912.0240408t1991 ag ||||| |||| 00| 0 spa d bspacCO-MdFUSB aspa aRecursos para la salud integral aVolumen10, número 3 (julio - septiembre, 1991), páginas: 40 - 41c; 27 cm aPresenta una serie de recursos útiles para trabajadores del área de salud integral. aSalud pública0 tIglesia y Misión049402959664gVolumen10, número 3 (julio - septiembre, 1991), páginas: 40 - 41qpágina: 40 cANA c51932d51932